| 000 | 00533nam a2200205 a 4500 | ||
|---|---|---|---|
| 005 | 20140310183626.0 | ||
| 008 | 120910s19uu xx 00 eng d | ||
| 020 | _a9789380540351 | ||
| 050 |
_aG 155.A1 _b.G298 2010 |
||
| 100 | _aGeetanjali | ||
| 245 |
_aTourism geography / _cGeetanjali. |
||
| 250 | _a1st ed. | ||
| 260 |
_aNew Delhi, India : _bCentrum Press, _c2010. |
||
| 300 |
_a306 p. : _bill. ; _c21 cm. |
||
| 500 | _aIncludes index | ||
| 521 | _aTOU | ||
| 650 | _aGeotourism | ||
| 942 |
_cBK _2lcc _kFOR |
||
| 999 |
_c25516 _d25516 |
||